| 000 | 00535nab a2200157Ia 4500 | ||
|---|---|---|---|
| 003 | ES-SlBCS | ||
| 005 | 20210601131333.0 | ||
| 008 | 140529s1991 xxu||||| |||| 00| 0 fre d | ||
| 041 | _afre | ||
| 100 | 1 |
_aKherroubi, Martine _9183927 |
|
| 245 | 0 | 0 |
_aMétier d'instituteur et références à l'enfant _c Martine Kherroubi, Marie-France Grospiron |
| 650 | 0 | 4 |
_aSociología de la Educación _990941 |
| 700 | 1 |
_aGrospiron, Marie-France _9184108 |
|
| 773 | 0 |
_tRevue Française de Pedagogie _gnº. 95, 1991, págs. 21-30 _wRev888 |
|
| 942 | _cAR | ||
| 999 |
_c561490 _d561490 |
||